Hoe optimaliseer ik mijn echtscheiding?

Bibliographic Details
Main Author: Miseur, Dirk
Format: eBook
Language:Dutch
Published: [Bľgica] : Edipro, 2009.
Subjects:
Online Access:Acceso restringido

MARC

LEADER 00000nam a22000007a 4500
005 20110919105259.0
008 110919s2009 be ||||s|||| 00| 0 dut d
020 |a 90-76924-06-6 
035 |a 4822 
040 |a vLex 
090 |c 2493  |d 2493 
100 1 |a Miseur, Dirk 
245 1 0 |a Hoe optimaliseer ik mijn echtscheiding?  |h [Recurso electrn̤ico] /  |c Dirk Miseur  
256 |a Servicio en ln̕ea. 
260 |a [Bľgica] :  |b Edipro,  |c 2009. 
300 |a 1 recurso electrn̤ico 
506 1 |a Contenido solo disponible en los productos indicados  |d vLex Global  |d vLex Global (Academic Edition, excluding Law Schools)  |d vLex Global (U.S. Academic Edition, Law Schools)  |d vLex Global (U.S. Academic Edition, excluding Law Schools)  |d vLex Global (Academic Edition, Law Schools) 
650 0 4 |a Divorcio  |z Bľgica 
740 0 |a vLex Libros (Servicio en ln̕ea) 
856 4 0 |u http://vlex.com/source/hoe-optimaliseer-ik-mijn-echtscheiding-4822  |z Acceso restringido 
942 |c BOOK